Legislatíva v oblasti tradičných a regionálnych poľnohospodárskych výrobkov a potravín
Gespeichert in:
| 1. Verfasser: | |
|---|---|
| Format: | Buchkapitel |
| Sprache: | Slowakisch |
| Schlagworte: | |
| Tags: |
Keine Tags, Fügen Sie das erste Tag hinzu!
|
MARC
| LEADER | 00000nla a2200000 4500 | ||
|---|---|---|---|
| 001 | 0228753 | ||
| 005 | 20240502073749.8 | ||
| 041 | 0 | |a slo | |
| 044 | |a SK | ||
| 245 | 1 | 0 | |a Legislatíva v oblasti tradičných a regionálnych poľnohospodárskych výrobkov a potravín |c Malgorzata A. Jarossová |
| 610 | 2 | 0 | |a kvalita potravín |
| 610 | 2 | 0 | |a kvalita výrobkov |
| 610 | 2 | 0 | |a potraviny |
| 610 | 2 | 0 | |a výrobky poľnohospodárske |
| 610 | 2 | 0 | |a označovanie tovarov |
| 610 | 2 | 0 | |a pôvod tovaru |
| 610 | 2 | 0 | |a legislatíva |
| 100 | 1 | |a Jarossová, Malgorzata Agnieszka, 1978- | |